Los 50 últimos días de Patricio Lumumba / (Record no. 44687)

MARC details
000 -LEADER
campo de control de longitud fija 00647nam a2200193 i 4500
001 - NÚMERO DE CONTROL
campo de control 44687
003 - IDENTIFICADOR DE NÚMERO DE CONTROL
campo de control ES-MaACL
005 - FECHA Y HORA DE LA ÚLTIMA TRANSACCIÓN
campo de control 20230906161058.0
007 - CAMPO FIJO DE DESCRIPCIÓN FÍSICA--INFORMACIÓN GENERAL
campo de control de longitud fija t|
008 - DATOS DE LONGITUD FIJA--INFORMACIÓN GENERAL
campo de control de longitud fija 030324s1970 sp ||||1| spa d
245 03 - MENCIÓN DEL TÍTULO
Título Los 50 últimos días de Patricio Lumumba /
Mención de responsabilidad, etc. traductor, Gregorio San Juan, portada, Anbaiz, fotos, Cifra.
260 ## - PUBLICACIÓN, DISTRIBUCIÓN, ETC.
Lugar de publicación, distribución, etc. Madrid :
Nombre del editor, distribuidor, etc. Ibérico Europea de Ediciones,
Fecha de publicación, distribución, etc. [1970]
300 ## - DESCRIPCIÓN FÍSICA
Extensión 174 p., 1 map., 3 lám. ;
Dimensiones 22 cm.
700 1# - ENTRADA AGREGADA--NOMBRE PERSONAL
Nombre de persona San Juan, Gregorio.
9 (RLIN) 102248
700 1# - ENTRADA AGREGADA--NOMBRE PERSONAL
Nombre de persona Anbaiz.
9 (RLIN) 21389
700 1# - ENTRADA AGREGADA--NOMBRE PERSONAL
Nombre de persona Cifra.
9 (RLIN) 38799
740 4# - ENTRADA AGREGADA--TÍTULO RELACIONADO/ANALÍTICO NO CONTROLADO
Título relacionado o analítico no controlado Los cincuenta últimos días de Patricio Lumumba.
852 ## - LOCALIZACIÓN
Ubicación ES-MaACL
Número de control de estantería C-44603
Sublocalización o colección R.73284
Holdings
Estatus retirado Estado de pérdida Estado de daño No para préstamo Biblioteca de origen Biblioteca actual Ubicación en estantería Fecha de adquisición Fuente de adquisición Total de préstamos Signatura topográfica completa Código de barras Visto por última vez Precio de reemplazo Tipo de ítem Koha
        Biblioteca del Ateneo de Madrid Biblioteca del Ateneo de Madrid Depósito 2 17/01/2008     C-44603 1047031 23/02/2023 23/02/2023 Libro impreso